01018nam a22002777a 45000010005000000030006000050050017000110080041000280200015000690400029000840500016001130820008001291000028001372450107001652500041002722600034003133000039003474900023003865050007004095200203004165210018006195210018006376500029006556500027006847000029007116081FISKH20250820091112.0250307b cb ||||| |||| 00| 0 eng d a0439444322 aFISKHbengcFISKHdFISKH aTK9965 .M26 a537 aMarkle, Sandrad(1946-) aBuild a room alarm :bAnd 16 more electrifying project /cBy Sandra Markle ; Illustrated by Eric Brace aThis edition first published in 2003 aNew York :bScholastic,c2003 a64 pages :billustrations ;c20 cm aScience dares you! aW  aGet Charged Up with this book of 16 exciting electricity experiments. Learn all about what electricity is and how it works. Then put your new know-how to the test with these fun science challenges. 8 a880 bLexile 8 aW bRaz-Plus  2ExperimentsaNon-fiction 2InformationalaScience aBrace, Ericdillustrator